Proceedings of the International School of Astroparticle physics
Guardat en:
| Autor principal: | |
|---|---|
| Format: | Llibre |
| Idioma: | anglès |
| Publicat: |
Singapur
World Scientific
1991
|
| Matèries: | |
| Etiquetes: |
Afegir etiqueta
Sense etiquetes, Sigues el primer a etiquetar aquest registre!
|
MARC
| LEADER | 00000nam a2200000 a 4500 | ||
|---|---|---|---|
| 001 | UCX5761 | ||
| 003 | CL-VaPUC | ||
| 005 | 20210903074412.0 | ||
| 008 | 930115e19910000si 1 eng d | ||
| 020 | |a 9810205821 | ||
| 082 | 0 | 4 | |a 523.1 |b NAN |2 21 |
| 100 | 1 | |a Nanopoulos, Dimitri V |e author |9 616867 | |
| 245 | 1 | 0 | |a Proceedings of the International School of Astroparticle physics |
| 260 | |a Singapur |b World Scientific |c 1991 | ||
| 300 | |a 456 p | ||
| 583 | |a last modification |c 20190821 08:53:20 |k Rodrigo Vera | ||
| 650 | 0 | 0 | |a Cosmología |9 269138 |
| 650 | 0 | 7 | |a PARTICULAS FISICA NUCLEAR |2 CL-VaPUC |9 316637 |
| 942 | |c BK | ||
| 945 | |d 19930115 00:00:00 | ||
| 546 | |a En Inglés | ||
| 536 | |a Houston Advanced Research Center | ||
| 518 | |p International School of Astroparticle Physics, 1, USA, 6-12 january 1991 | ||
| 999 | |c 382161 |d 382159 | ||
| 952 | |0 0 |1 0 |4 0 |6 523_100000000000000_NAN_1991 |7 0 |8 A |9 503716 |a BIBCUR |b BIBCUR |d 2020-01-23 |i 2927217 |o 523.1 NAN 1991 |p 2927217 |r 2025-04-22 |w 2020-01-23 |y BK |k FIS | ||